000 00659nam a2200229Ia 4500
003 OSt
005 20220923225249.0
006 a|||||r|||| 00| 0
007 ta
008 220922b |||||||| |||| 00| 0 hin d
024 _a261,669
037 _cTextual
040 _aARTS
_cARTS
_bhin
041 _2hin
_ahin
082 _aR66,5x3,1, 152L7
100 _aशास्त्री
_9156277
245 0 _aब्रह्मसूत्र शंकर भाष्यम
246 _aBrahmasūtra shankar bhāṣhyama
260 _c1977
942 _hR66,5x3,1, 152L7
_cTEXL
_2CC
999 _c377134
_d377134